| 000 | 00248nam a22000977a 4500 | ||
|---|---|---|---|
| 999 |
_c23577 _d23577 |
||
| 003 | Nust | ||
| 005 | 20170526132655.0 | ||
| 008 | 131218b xxu||||| |||| 00| 0 eng d | ||
| 020 | _cAvailable | ||
| 040 |
_aDLC _bDLC _cRCMS |
||
| 082 |
_26th,ed. _a301 HOR |
||
| 100 |
_aHorton,Paul B _91198 |
||
| 245 | _aSociology | ||
| 260 |
_aIslamabad _bNational Book Foundation |
||
| 300 |
_axv,635. _bill: _c25,cm. |
||
| 538 | _iShelf # 13, Row # 2, Fiction. | ||
| 650 |
_aSociology _9367 |
||
| 856 | _uTable of Content Only | ||
| 942 |
_2ddc _cFIC |
||